Die Jakobskirche in Rothenburg ob der Tauber
Salvato in:
| Autore principale: | |
|---|---|
| Natura: | Libro |
| Lingua: | tedesco |
| Pubblicazione: |
Wiesbaden
Langewiesche
1975
|
| Soggetti: | |
| Tags: |
Aggiungi Tag
Nessun Tag, puoi essere il primo ad aggiungerne!!
|
MARC
| LEADER | 00000nam a2200000 a 4500 | ||
|---|---|---|---|
| 001 | UCT1102 | ||
| 003 | CL-VaPUC | ||
| 008 | 960927e19750000gw |||||||||||||||||ger|d | ||
| 082 | 0 | 4 | |a 726.5 |b ULR |2 21 |
| 100 | 0 | |a Ulrich, Eva |e author |9 369878 | |
| 245 | 1 | 4 | |a Die Jakobskirche in Rothenburg ob der Tauber |
| 300 | |a 48 p | ||
| 942 | |c BK | ||
| 945 | |d 19960927 00:00:00 |a rleighto | ||
| 260 | |a Wiesbaden |b Langewiesche |c 1975 | ||
| 650 | 0 | |a Iglesias |9 352850 | |
| 650 | 0 | |a Arquitectura religiosa |9 266677 | |
| 650 | 0 | |a Arte religioso |9 330545 | |
| 650 | 0 | |a Edificios religiosos |9 335394 | |
| 650 | 7 | |a PINTURA RELIGIOSA |2 CL-VaPUC |9 340359 | |
| 650 | 0 | |a Monumentos históricos |9 308710 | |
| 650 | 0 | |a Arquitectura alemana |9 369882 | |
| 583 | |a last modification |c 20171120 02:29:02 |k Rodrigo Vera | ||
| 999 | |c 251759 |d 251757 | ||
| 952 | |0 0 |1 0 |4 0 |6 726_500000000000000_ULR_1975 |7 0 |8 P |9 271146 |a BIBARQ |b BIBARQ |d 2019-11-19 |i 3231003 |o 726.5 ULR 1975 |p 3231003 |r 2025-01-20 |w 2019-11-19 |y BK |k ARQ | ||